Fred Willard Filmography - Statistics

General Stats
  • This quiz has been taken 6 times
    2 since last reset
  • The average score is 19 of 363
Answer Stats
Type Year Name % Correct
TV Show 2002 Family Guy
100%
TV Show 2009-2020 Modern Family
100%
TV Show 1999 The Simpsons
100%
Film 2003 American Wedding
50%
Film 2003 A Mighty Wind
50%
Film 2013 Anchorman 2: The Legend Continues
50%
Film 2004 Anchorman: The Legend of Ron Burgundy
50%
Film 2000 Best in Show
50%
TV Show 2013 Community
50%
Film 2006 Date Movie
50%
TV Show 1992 Dream On
50%
Film 2007 Epic Movie
50%
TV Show 2003-2005 Everybody Loves Raymond
50%
TV Show 1994, 1995, 1996 Family Matters
50%
Film 2016 Fifty Shades of Black
50%
Film 2006 For Your Consideration
50%
TV Show 1996 Friends
50%
TV Show 2003, 2005, 2007 Kim Possible
50%
TV Show 2001-2008 King of the Hill
50%
TV Show 1998-1999 Mad About You
50%
TV Show 1992 Married... with Children
50%
Film 2016 Mascots
50%
TV Show 1995 Murphy Brown
50%
TV Show 2017 New Girl
50%
TV Show 1995-1997 Roseanne
50%
TV Show 1978, 2004-2005 Saturday Night Live
50%
Film 2011 Scooby-Doo! Legend of the Phantosaur
50%
TV Show 2012 The Cleveland Show
50%
TV Show 2004 The Drew Carey Show
50%
TV Show 1991 The Golden Girls
50%
Short Film 2008 The P.A.
50%
Film 1984 This Is Spïnal Tap
50%
Film 1997 Waiting for Guffman
50%
Film 2004 Wake Up, Ron Burgundy: The Lost Movie
50%
Commercial 1999 10-10-345 Long Distance Service
0%
TV Film 2011 12 Wishes of Christmas
0%
Film 2004 50 Ways to Leave Your Lover
0%
TV Special 2010 51st Annual L.A. County Holiday Celebration
0%
TV Show 2017 9JKL
0%
TV Show 1990 Access America
0%
TV Film 2011 Accidentally in Love
0%
Film 2014 All Stars
0%
TV Show 2001 Ally McBeal
0%
TV Show 1978 America 2-Night
0%
Film 1979 Americathon
0%
TV Show 2003-2004 A Minute with Stan Hooper
0%
TV Show 1981 An Evening at the Improv
0%
Theater 2002 Anything Goes
0%
Theater 1969 Arf / The Great Airplane Snatch
0%
TV Film 1992 A Spïnal Tap Reunion: The 25th Anniversary London Sell-Out
0%
TV Show 2006 At the Movies
0%
Film 1999 Austin Powers: The Spy Who Shagged Me
0%
TV Film 1996 Back to Back
0%
TV Show 2007-2008 Back to You
0%
TV Show 2010 Backwash
0%
TV Show 2007-2010 Betsy's Kindergarten Adventures
0%
TV Show 2000 Bette
0%
TV Show 1980 Big City Comedy
0%
TV Film 2007 Billy & Mandy's Big Boogey Adventure
0%
TV Show 2014 Black Jesus
0%
Film 2018 Blood Type
0%
TV Show 2005 Brandy & Mrs. Whiskers
0%
TV Show 2012 Breaking_In
0%
TV Film 1997 Breast Men
0%
TV Show 2000 Buzz Lightyear of Star Command
0%
TV Show 2006 Campus Ladies
0%
Film 1999 Can't Stop Dancing
0%
TV Film 2021 Captain Daddy
0%
TV Show 2010 Castle
0%
Film 1976 Chesty Anderson, USN
0%
Film 2005 Chicken Little
0%
TV Show 2010 Chuck
0%
Film 2000 Chump Change
0%
Film 2006 Church Ball
0%
Theater 2011-2012 Cinderella Christmas
0%
TV Show 1998 City Guys
0%
Short Film 2015 Clint Howard Reboots Pippi Longstocking with Milla Jovovich and Fred Willard
0%
TV Show 1996 Clueless
0%
TV Show 2014, 2016 Comedy Bang! Bang!
0%
TV Show 2006 Come On Over
0%
TV Pilot 1998 Contempt of Court
0%
TV Show 2018 Corporate
0%
Film 1977 Cracking Up
0%
TV Show 1994 Dave's World
0%
TV Show 1987-1989 D.C. Follies
0%
Film 2013 Dealin' with Idiots
0%
TV Show 2002 Dexter's Laboratory
0%
TV Show 1997 Diagnosis: Murder
0%
Commercial 2015 DirecTV
0%
TV Show 1998-1999 Disney's Hercules: The Animated Series
0%
TV Show 2001 Disney's the Legend of Tarzan
0%
TV Short 2013 Doin' It Yourself
0%
Theater 2006 Dreamstuff
0%
Film 2000 Dropping Out
0%
TV Show 2013 Drunk History
0%
Web Series 2011, 2012 Easy to Assemble
0%
Theater 2006 Elvis and Juliet
0%
Film 1999 Elvis is Alive!
0%
Short Film 2016 Emmett in Peopleland
0%
TV Film 1977 Escape from Bogen County
0%
TV Show 2009 Everybody Hates Chris
0%
Film 2010 Expecting Mary
0%
TV Show 1985 Faerie Tale Theatre
0%
TV Show 1987 Fame
0%
TV Show 2013 Family Tree
0%
TV Show 1986 Fast Times
0%
TV Show 1977 Fernwood 2 Night
0%
Film 2007 Fighting Words
0%
Film 1980 First Family
0%
Short Film 2012 Flag Day: A History in Flags with Fred Willard
0%
TV Film 1979 Flatbed Annie and Sweetiepie: Lady Truckers
0%
TV Show 1977 Forever Fernwood
0%
TV Show 2011 Franklin & Bash
0%
TV Film 2004 Frasier: Analyzing the Laughter
0%
TV Show 2006 Fred Willard's American Festivals
0%
TV Show 2008, 2009 Free Radio
0%
TV Show 2010, 2011 Funny or Die Presents...
0%
Film 1977 Fun with Dick and Jane
0%
TV Show 1985 George Burns Comedy Week
0%
TV Show 1968 Get Smart
0%
TV Film 1985 Getting the Last Laugh
0%
TV Show 2011 G.I. Joe: Renegades
0%
TV Show 2001 Girlfriends
0%
TV Show 2010, 2011 GLΩRY DAZΣ
0%
TV Show 1976 Good Heavens
0%
TV Show 2013 Good Luck Charlie
0%
TV Show 2013 Good Morning Today
0%
TV Show 1999 Good vs Evil
0%
TV Show 1999 G vs E
0%
TV Show 2008 Handy Manny
0%
Film 2008 Harold
0%
Film 2004 Harold & Kumar Go to White Castle
0%
Film 1974 Harrad Summer
0%
TV Show 1991 Harry and the Hendersons
0%
TV Short 2016 Hart of America
0%
TV Film 1994 Hart to Hart: Old Friends Never Die
0%
TV Show 2016 Harvey Beaks
0%
Documentary 2020 Have a Good Trip: Adventures in Psychedelics
0%
TV Show 2015 Hell's Kitchen
0%
Film 2016 Here Comes Rusty
0%
Short Film 2010 Hermie and Friends: Antonio Meets His Match
0%
TV Show 2002 Hey Arnold!
0%
TV Show 1966 Hey, Landlord
0%
Film 1991 High Strung
0%
Web Series 2019 Historical Roasts
0%
Film 2006 Holidaze: The Christmas That Almost Didn't Happen
0%
Film 2010 Holyman Undercover
0%
Short Film 2013 Home Stuff
0%
TV Show 2013 Horneytown, U.S.A.
0%
TV Show 2012 Hot in Cleveland
0%
Film 2001 How High
0%
Film 1980 How to Beat the High Cost of Living
0%
TV Film 1976 How to Break Up a Happy Divorce
0%
TV Show 2016 Hungrytown U.S.A.
0%
Film 1975 Hustle
0%
Film 2007 I Could Never Be Your Woman
0%
Film 1999 Idle Hands
0%
Film 2006 I'll Believe You
0%
TV Special 1989 I, Martin Short, Goes Hollywood
0%
TV Film 2012 I, Martin Short, Goes Home
0%
TV Show 2010 Important Things with Demetri Martin
0%
Film 1983 Imps*
0%
Short Film 2014 I'm Will Ferrell
0%
TV Show 2011 In Gayle We Trust
0%
TV Show 2001 Inside Schwartz
0%
Film 2006 Ira & Abby
0%
Web Series 2019 I Think You Should Leave with Tim Robinson
0%
Film 1970 Jenny
0%
TV Show 2010-2020 Jimmy Kimmel Live!
0%
TV Show 1999 Just Shoot Me!
0%
TV Show 1975 Karen
0%
Commercial 1992 Kellogg's Nut & Honey Crunch
0%
TV Show 2015 Kevin from Work
0%
Film 2004 Killer Diller
0%
TV Show 1999, 2000 Ladies Man
0%
Commercial 2010-2014 La Quinta Inn & Suites
0%
TV Film 2008 Larry the Cable Guy's Star-Studded Christmas Extravaganza
0%
TV Show 2008, 2010 Last Comic Standing
0%
TV Show 1976 Laverne & Shirley
0%
Theater 2008 Li'l Abner
0%
TV Film 2010 Lilly's Light
0%
Film 2020 Lilly's Light: The Movie
0%
Theater 1969 Little Murders
0%
TV Show 2015 Live from Lincoln Center
0%
TV Show 1996, 1997 Lois & Clark: The New Adventures of Superman
0%
TV Film 1985 Lots of Luck
0%
TV Short 1991 Louise Duart: The Secret Life of Barry's Wife
0%
TV Show 1970 Love, American Style
0%
TV Show 1999 Love & Money
0%
Short Film 2018 Lovesick Fool - Love in the Age of Like
0%
TV Show 2004, 2009 MADtv
0%
TV Show 1984 Mama's Family
0%
Theater 2004 Mame
0%
TV Show 2012 Market Warriors
0%
Film 2013 Max Rose
0%
TV Show 2001-2002 Maybe It's Me
0%
Theater 1989-1990 Meet Me in St. Louis
0%
TV Short 1988 Merill Markoe's Guide to Glamorous Living
0%
TV Show 2017-2021 Mickey and the Roadster Racers
0%
TV Show 2017, 2018 Milo Murphy's Law
0%
Film 1969 Model Shop
0%
Film 2006 Monster House
0%
Theater 2004 MoonShine!
0%
Film 1985 Moving Violations
0%
TV Show 1997 Muppets Tonight
0%
TV Show 1991 Murder, She Wrote
0%
TV Film 2011 My Future Boyfriend
0%
TV Show 2006 My Gym Partner's a Monkey
0%
TV Show 1988 My Secret Identity
0%
TV Film 2003 National Lampoon's Christmas Vacation 2: Cousin Eddie's Island Adventure
0%
Film 1982 National Lampoon's Movie Madness
0%
TV Show 1986 New Love, American Style
0%
Film 2003 Nobody Knows Anything!
0%
Theater 2005 No, No, Nanette
0%
TV Show 1989 Not Necessarily the News
0%
TV Show 1991 Nurses
0%
TV Show 2007 Odd Job Jack
0%
TV Show 1998 Oh Baby
0%
Short Film 2017 Oh Damn
0%
Commercial 2012 Old Navy
0%
TV Film 2014 Old Soul
0%
TV Show 1988 Out of This World
0%
Short Film 2013 Parent News 2: What Is the Internet?
0%
Short Film 2013 Parent News with Fred Willard
0%
Short Film 2013 Parent News with Fred Willard: The Halloween Edition
0%
TV Film 1981 Pen 'n' Inc.
0%
Film 1998 Permanent Midnight
0%
TV Show 1966 Pistols 'n' Petticoats
0%
Film 2014 Planes: Fire & Rescue
0%
Film 1988 Portrait of a White Marriage
0%
Film 1995 Prehysteria! 3
0%
TV Show 1968 Premiere
0%
TV Show 2008 Pushing Daisies
0%
TV Show 2016 Pyramid
0%
TV Show 2012 Raising Hope
0%
Short Film 1987 Ray Male's Heterosexual Dance Hall
0%
TV Show 1979-1984 Real People
0%
TV Film 2006 Re-Animated
0%
TV Film 2009 Rent Control
0%
TV Show 2011 Retired at 35
0%
Theater 2016 Return to the Forbidden Planet
0%
TV Show 2014-2015 Review
0%
TV Show 2012 Rob
0%
Film 1987 Roxanne
0%
Film 2015 Russell Madness
0%
TV Show 2020 Russell Maniac
0%
TV Show 1998 Sabrina the Teenage Witch
0%
TV Mini-Series 1979 Salem's Lot
0%
TV Show 1996 Saved by the Bell: The New Class
0%
Film 2009 School Gyrls
0%
TV Show 1984 SCTV Channel
0%
Film 2004 Sesame Street: Happy Healthy Monsters
0%
Theater 2014 Show Boat
0%
Commercial 2004 Sierra Mist Free
0%
Film 1976 Silver Streak
0%
TV Show 1976-1977 Sirota's Court
0%
TV Show 1996 Sister, Sister
0%
Web Series 2018 Skylanders Academy
0%
TV Show 2007, 2009 Slacker Cats
0%
TV Film 1994 Sodbusters
0%
TV Film 1978 Space Force
0%
Web Series 2020 Space Force
0%
TV Show 1997 Space Ghost Coast to Coast
0%
TV Film 2003 Spellbound
0%
TV Show 1984 Spencer
0%
TV Show 2007 Stargate SG-1
0%
TV Show 1997 Step by Step
0%
TV Film 1997 steve.oedekerk.com
0%
TV Film 1988 Superman 50th Anniversary
0%
TV Show 2017 SuperMansion
0%
TV Show 1977 Tabitha
0%
TV Show 2002 Teamo Supremo
0%
Film 2002 Teddy Bears' Picnic
0%
Film 1967 Teenage Mother
0%
TV Show 2003 That '70s Show
0%
Award Show 2015 The 1st Annual Carney Awards
0%
Award Show 2016 The 2nd Annual Carney Awards
0%
TV Show 2016 The 5th Quarter
0%
TV Short 2008 The Adventures of Captain Cross Dresser
0%
TV Show 2020 The Bachelor
0%
TV Show 2018, 2019 The Bachelorette
0%
TV Show 2019 The Bachelorette
0%
TV Show 1971 The Barbara McNair Show
0%
TV Show 2004, 2005 The Batman
0%
TV Show 1993 The Ben Stiller Show
0%
Short Film 2014 The Birder Movie
0%
Film 2013 The Bird Men
0%
TV Show 2014 The Birthday Boys
0%
Film 2018 The Bobby Roberts Project
0%
TV Show 1975 The Bob Newhart Show
0%
TV Show 2014-2015 The Bold and the Beautiful
0%
TV Show 2008 The Boondocks
0%
TV Show 1973 The Burns and Schreiber Comedy Hour
0%
TV Show 2011 The Closer
0%
TV Show 2001 The Downer Channel
0%
TV Show 1963, 1964 The Ed Sullivan Show
0%
TV Show 2007 The Emperor's New School
0%
TV Show 2001 The Fighting Fitzgeralds
0%
Award Show 2008 The First Annual Worldwide Fido Awards
0%
TV Show 2004, 2007 The Grim Adventures of Billy & Mandy
0%
Video Game 2006 The Grim Adventures of Billy & Mandy
0%
Film 1973 The Harrad Experiment
0%
TV Film 1985 The History of White People in America
0%
TV Film 1986 The History of White People in America: Volume II
0%
TV Short 2015 The Homeless Detective
0%
TV Show 2000 The Hughleys
0%
TV Show 1993 The Jackie Thomas Show
0%
TV Show 2012 The Life & Times of Tim
0%
TV Show 2016-2019 The Loud House
0%
TV Show 1981, 1984, 1986 The Love Boat
0%
Film 2012 The Magic of Belle Isle
0%
TV Show 2009, 2010 The Midnight Show
0%
TV Show 1974, 1981 The Midnight Special
0%
TV Show 1995 The Mommies
0%
TV Show 1993 The New WKRP in Cincinnati
0%
Film 2004 The Nutcracker and the Mouseking
0%
TV Show 2016 The Odd Couple
0%
TV Film 1981 The Perfect Woman
0%
TV Film 2000 The Pooch and the Pauper
0%
Theater 1966 The Return fo the Second City in "20,000 Frozen Grenadiers"
0%
Short Film 2012 The Romney Boys Election Eve Special!
0%
Web Mini-Series 2020 The Second City Presents: The Last Show Left on Earth
0%
TV Show 1996 The Spooktacular New Adventures of Casper
0%
Short Film 2013 The Thanksgivukkah Movie Trailer
0%
TV Show 1974 The Tonight Show Starring Johnny Carson
0%
TV Show 2007 The Tonight Show with Jay Leno
0%
TV Show 2019 The Very Very Best of the 70s
0%
TV Show 1998 The Wayans Bros.
0%
Film 2001 The Wedding Planner
0%
TV Show 1997 The Weird Al Show
0%
TV Special 1980 The Wild Wacky Wonderful World of Winter
0%
Film 2014 The Yank
0%
Film 2002 The Year That Trembled
0%
TV Show 2019 Tigtone
0%
TV Show 2007, 2009 Tim and Eric Awesome Show, Great Job!
0%
TV Show 2017 Tim & Eric's Bedtime Stories
0%
TV Show 2005 Tom Goes to the Mayor
0%
Documentary Series 2004 Totally Obsessed
0%
TV Documentary 2001 Totally Outrageous Love
0%
TV Show 2008, 2009 Transformers: Animated
0%
TV Show 1984 Trapper John, M.D.
0%
TV Show 2014-2016 TripTank
0%
Theater 2008 Trumpet of the Swan
0%
TV Show 2012 Trust Us with Your Life
0%
TV Show 1998 Two Guys and a Girl
0%
TV Show 2001, 2002 Undeclared
0%
Short Film 2009 Versailles
0%
TV Show 2011 Versailles
0%
Film 2008 WALL·E
0%
TV Show 2003 Watching Ellie
0%
TV Show 2010-2014 Waves Sea
0%
TV Show 1979 $weepstake$
0%
TV Show 1977 We've Got Each Other
0%
TV Show 2019 What Just Happened??! with Fred Savage
0%
TV Show 1985-1986 What's Hot, What's Not
0%
TV Special 2004 What the Blank
0%
TV Film 2001 When Billie Beat Bobby
0%
TV Film 2005 Wiener Park
0%
Short Film 2014 Wish Wizard
0%
TV Show 2009 Wizards of Waverly Place
0%
TV Show 2008 Worst Week
0%
TV Show 2014 You'll Be Fine
0%
Film 2009 Youth in Revolt
0%
No matching quizzes found
Score Distribution
Percent of People with Each Score
Percentile by Number Answered
Your Score History
You have not taken this quiz since the last reset